| 000 | 00790nam a2200205Ia 4500 | ||
|---|---|---|---|
| 003 | OSt | ||
| 005 | 20240706120816.0 | ||
| 008 | 210210b2010 xxu||||| |||| 00| 0 eng d | ||
| 040 | _cAL | ||
| 041 | _aKannada | ||
| 082 | _a954.04K RAMB | ||
| 100 |
_aRAMACHANDRA GUHA _dರಾಮಚಂದ್ರ ಗುಹಾ _9172814 |
||
| 245 |
_aBapu nantarada bharata: vishvada atidodda prajaprabhutvada apurva itihasa samputa I _bಬಾಪೂ ನಂತರದ ಭಾರತ : ವಿಶ್ವದ ಅತಿದೊಡ್ಡ ಪ್ರಜಾಪ್ರಭುತ್ವದ ಅಪೂರ್ವ ಇತಿಹಾಸ ಸಂಪುಟ ೧ |
||
| 260 |
_aBengaLuru _bVasanta Prakashana _c2010 |
||
| 300 | _aviii,526+16 | ||
| 440 |
_a1 _9172815 |
||
| 690 |
_aIndian History _9172816 |
||
| 906 | _a065200 | ||
| 942 |
_2ddc _cBK |
||
| 999 |
_c142657 _d142657 |
||